[Event "NEP-ch Seniors 5th"]
[Site "Kathmandu"]
[Date "2022.11.07"]
[Round "6"]
[White "Nepali, Badrilal"]
[Black "Tandukar, Nabin"]
[Result "1-0"]
[WhiteElo "1945"]
[BlackElo "1812"]
[PlyCount "89"]
[EventDate "2022.11.05"]
[EventType "swiss"]
[EventRounds "7"]
[EventCountry "NEP"]
[SourceTitle "CBM 211 Extra"]
[Source "ChessBase"]
[SourceDate "2023.01.31"]
[SourceVersion "1"]
[SourceVersionDate "2023.01.31"]
[SourceQuality "1"]

1. c4 e5 2. Nc3 g6 3. Nf3 Bg7 4. g3 d6 5. Bg2 Nf6 6. d3 0-0 7. 0-0 c6 8. Rb1 Re8 9. Nd2 Na6 10. b4 Nc7 11. b5 d5 12. bxc6 bxc6 13. Qc2 Be6 14. Na4 Qc8 15. Re1 Bh3 16. Bh1 Ne6 17. Bb2 Ng5 18. Nc5 Bf5 19. e4 dxe4 20. dxe4 Bh3 21. Ba3 Bf8 22. Qc3 Bd7 23. h4 Nh3+ 24. Kg2 Bg4 25. f3 Bh5 26. Nb7 c5 27. Qe3 Rb8 28. Nxc5 Rxb1 29. Rxb1 h6 30. Nb7 g5 31. Bxf8 Rxf8 32. Nd6 Qe6 33. Nf5 Kh7 34. Kxh3 g4+ 35. Kh2 Ng8 36. Rb7 Rd8 37. fxg4 Bxg4 38. Nf3 Bxf5 39. exf5 Qxc4 40. Nxe5 Qxa2+ 41. Kh3 Rf8 42. Qxa7 Qxa7 43. Rxa7 Kg7 44. Bd5 Kh7 45. Kg2 1-0

[Event "NEP-ch Seniors 5th"]
[Site "Kathmandu"]
[Date "2022.11.06"]
[Round "5"]
[White "Tandukar, Nabin"]
[Black "Punya Man, Karmacharya"]
[Result "1-0"]
[WhiteElo "1812"]
[BlackElo "1831"]
[PlyCount "125"]
[EventDate "2022.11.05"]
[EventType "swiss"]
[EventRounds "7"]
[EventCountry "NEP"]
[SourceTitle "CBM 211 Extra"]
[Source "ChessBase"]
[SourceDate "2023.01.31"]
[SourceVersion "1"]
[SourceVersionDate "2023.01.31"]
[SourceQuality "1"]

1. Nf3 d5 2. d4 Nf6 3. g3 c6 4. Bg2 Bf5 5. 0-0 e6 6. c4 Nbd7 7. Qb3 Qb6 8. c5 Qxb3 9. axb3 Be7 10. Nc3 0-0 11. b4 a6 12. h3 h6 13. g4 Bh7 14. Bf4 Ne4 15. Ra3 g5 16. Bh2 Bf6 17. Rfa1 Nxc3 18. bxc3 Rfe8 19. Nd2 e5 20. e3 Bg7 21. b5 Bd3 22. bxc6 bxc6 23. Bf1 Bxf1 24. Kxf1 Rec8 25. Rxa6 Rab8 26. Ra7 Nf8 27. Nf3 Rb3 28. R7a3 Rxa3 29. Rxa3 e4 30. Ne1 Kh7 31. Ra6 Ne6 32. Nc2 Nd8 33. Nb4 Bf8 34. Ke2 f6 35. f3 exf3+ 36. Kxf3 Kg6 37. e4 dxe4+ 38. Kxe4 Be7 39. Ra7 Bf8 40. Rc7 Ra8 41. Nxc6 Nf7 42. Ne7+ Bxe7 43. Rxe7 Ra2 44. Bg3 Re2+ 45. Kd5 Rxe7 46. c6 f5 47. c7 Re8 48. Kc6 f4 49. Bf2 Re6+ 50. Kd7 Rd6+ 51. Ke7 Rc6 52. Kd7 Rxc3 53. c8Q Rxc8 54. Kxc8 Nd6+ 55. Kd7 Ne4 56. Be1 Kf6 57. d5 Ke5 58. Kc6 f3 59. h4 f2 60. Bxf2 Nxf2 61. hxg5 hxg5 62. d6 Ke6 63. d7 1-0

[Event "Asia Cities-ch 17th"]
[Site "Jakarta"]
[Date "2011.04.25"]
[Round "5.7"]
[White "Wynn, Zaw Htung"]
[Black "Tandukar, Nabin"]
[Result "1-0"]
[WhiteElo "2382"]
[BlackElo "1978"]
[PlyCount "108"]
[EventDate "2011.04.22"]
[EventType "team-swiss"]
[EventRounds "9"]
[EventCountry "INA"]
[SourceTitle "CBM 142 Extra"]
[Source "ChessBase"]
[SourceDate "2011.06.27"]
[SourceVersion "1"]
[SourceVersionDate "2011.06.27"]
[SourceQuality "1"]
[WhiteTeam "Yangon"]
[BlackTeam "Kathmandu"]
[WhiteTeamCountry "MYA"]
[BlackTeamCountry "NEP"]

1. Nf3 g6 2. g3 Bg7 3. Bg2 Nf6 4. 0-0 0-0 5. c4 d6 6. Nc3 c6 7. d3 Nbd7 8. h3 Rb8 9. Bd2 h6 10. b4 c5 11. b5 e6 12. Qb3 Qe7 13. e4 e5 14. Qa3 Ra8 15. Ne1 Nb6 16. Nc2 Ne8 17. Rae1 Nc7 18. Ne3 Ne6 19. Ncd5 Nxd5 20. Nxd5 Qd8 21. Nb6 Qxb6 22. Ba5 Bd7 23. Bxb6 axb6 24. Qb2 Ra4 25. a3 Rfa8 26. Ra1 Nd4 27. Ra2 Be6 28. Kh2 Kh7 29. h4 g5 30. hxg5 hxg5 31. f3 Kg6 32. Kg1 Rh8 33. Qd2 Bh6 34. Kf2 f5 35. exf5+ Bxf5 36. Rh1 Ra5 37. Qd1 Kg7 38. Bh3 Bg6 39. Bg4 Rf8 40. Kg1 Rf6 41. Rah2 Bh7 42. a4 Ra8 43. Kg2 Bf5 44. Rxh6 Rxh6 45. Rxh6 Bxg4 46. Rxd6 Bxf3+ 47. Qxf3 Nxf3 48. Kxf3 Rxa4 49. Rxb6 Ra1 50. Rxb7+ Kf6 51. Rb6+ Ke7 52. Rc6 Rd1 53. Ke4 Rg1 54. Rxc5 Kd6 1-0

[Event "The Himalayan op"]
[Site "Kathmandu"]
[Date "2010.09.10"]
[Round "2"]
[White "Praveen Kumar, Chandrasekar"]
[Black "Tandukar, Nabin"]
[Result "1-0"]
[WhiteElo "2380"]
[BlackElo "1992"]
[PlyCount "75"]
[EventDate "2010.09.09"]
[EventType "swiss"]
[EventRounds "9"]
[EventCountry "NEP"]
[SourceTitle "EXT 2013"]
[Source "ChessBase"]
[SourceDate "2012.11.22"]
[SourceVersion "1"]
[SourceVersionDate "2012.11.22"]
[SourceQuality "1"]

1. d4 Nf6 2. c4 g6 3. Nc3 Bg7 4. e4 d6 5. Bd3 Nc6 6. Nge2 e5 7. d5 Ne7 8. 0-0 Nh5 9. a4 0-0 10. Bc2 f5 11. exf5 gxf5 12. Ng3 Nxg3 13. fxg3 a6 14. Bg5 h6 15. Be3 Rf6 16. Qd2 Bd7 17. a5 Qf8 18. Rf2 Qf7 19. Raf1 Rf8 20. b4 Qg6 21. b5 Qg4 22. Bd3 axb5 23. cxb5 Kh8 24. a6 bxa6 25. bxa6 c6 26. Be2 Qg6 27. a7 Ra8 28. Rb1 Rff8 29. Rb7 f4 30. gxf4 exf4 31. Bd4 Rfd8 32. dxc6 Nxc6 33. Bxg7+ Qxg7 34. Bf3 Nd4 35. Bd5 Rac8 36. Ne2 Nxe2+ 37. Rxe2 Qf6 38. Qb2 1-0

[Event "The Himalayan op"]
[Site "Kathmandu"]
[Date "2010.09.09"]
[Round "1"]
[White "Tandukar, Nabin"]
[Black "Mohammad, Minhaz Uddin"]
[Result "0-1"]
[WhiteElo "1992"]
[BlackElo "2368"]
[PlyCount "66"]
[EventDate "2010.09.09"]
[EventType "swiss"]
[EventRounds "9"]
[EventCountry "NEP"]
[SourceTitle "EXT 2013"]
[Source "ChessBase"]
[SourceDate "2012.11.22"]
[SourceVersion "1"]
[SourceVersionDate "2012.11.22"]
[SourceQuality "1"]

1. e4 e5 2. Nf3 Nf6 3. Nc3 Bb4 4. d3 0-0 5. Bd2 d5 6. exd5 Nxd5 7. Be2 Nc6 8. 0-0 Nxc3 9. Bxc3 Bd6 10. Re1 f5 11. Bf1 Qf6 12. Qd2 h6 13. Re3 Bd7 14. Rae1 Rae8 15. Qe2 Nd4 16. Bxd4 exd4 17. Rxe8 Rxe8 18. Qd2 Rxe1 19. Qxe1 Bc6 20. Qe2 Bd5 21. Qe8+ Kh7 22. Be2 c5 23. Bd1 Bc6 24. Qe1 g5 25. Nd2 g4 26. f3 Bf4 27. fxg4 Be3+ 28. Kh1 fxg4 29. Nc4 h5 30. Nxe3 dxe3 31. Kg1 Qd4 32. Qe2 Bf3 33. gxf3 gxf3 0-1

[Event "United Insurance 11th"]
[Site "Dhaka"]
[Date "2009.08.26"]
[Round "7"]
[White "Chatterjee, Debaraj"]
[Black "Tandukar, Nabin"]
[Result "1-0"]
[WhiteElo "2281"]
[BlackElo "2133"]
[PlyCount "63"]
[EventDate "2009.08.21"]
[EventType "swiss"]
[EventRounds "10"]
[EventCountry "BAN"]
[SourceTitle "CBM 131 Extra"]
[Source "ChessBase"]
[SourceDate "2009.09.03"]
[SourceVersion "2"]
[SourceVersionDate "2009.09.16"]
[SourceQuality "1"]

1. d4 Nf6 2. c4 g6 3. Nc3 Bg7 4. e4 d6 5. Nf3 0-0 6. Be2 e5 7. 0-0 Nc6 8. d5 Ne7 9. b4 a5 10. bxa5 Rxa5 11. a4 h6 12. Nd2 Nd7 13. Nb3 Ra8 14. Be3 b6 15. a5 f5 16. f3 f4 17. Bf2 g5 18. axb6 Rxa1 19. Qxa1 cxb6 20. Qa7 Nc5 21. Rb1 Rf7 22. Qb8 Bf8 23. Nxc5 bxc5 24. Rb6 Ng6 25. Nb5 Rd7 26. Bxc5 dxc5 27. Rxg6+ Kh7 28. Rc6 Qa5 29. Qxc8 Qe1+ 30. Bf1 Qe3+ 31. Kh1 Rf7 32. Qe6 1-0